LEADER 00843nam0-22002891i-450- 001 990003026460403321 010 $a0-226-10393-5 035 $a000302646 035 $aFED01000302646 035 $a(Aleph)000302646FED01 035 $a000302646 100 $a20000920d1987----km-y0itay50------ba 101 0 $aeng 102 $aIT 200 1 $aChicago Guide to Preparing Electronic Manuscripts$eFor Authors and Publishers. 210 $aChicago$cUniversity of Chicago Press$d1987. 215 $aXI, 143 p.$d20 cm 225 1 $aChicago Guides to Writing, Editing and Publishing 676 $aA/5 801 0$aIT$bUNINA$gRICA$2UNIMARC 901 $aBK 912 $a990003026460403321 952 $aA/5 CHI$b7066$fSES 959 $aSES 996 $aChicago Guide to Preparing Electronic Manuscripts$9463897 997 $aUNINA DB $aING01 LEADER 00888nam--2200349---450 001 990002746140203316 005 20220728094358.0 010 $a88-6044-007-6 035 $a000274614 035 $aUSA01000274614 035 $a(ALEPH)000274614USA01 035 $a000274614 100 $a20060605d2005----km-y0itay50------ba 101 $aita 102 $aIT 105 $a||||||||001yy 200 1 $aQuesta storia$fAlessandro Baricco 210 $aRoma$cFandango libri$d2005 215 $a283 p.$d25 cm 410 0$12001 454 1$12001 461 1$1001-------$12001 606 0 $aNarrativa italiana 676 $a853.914 700 1$aBARICCO,$bAlessandro$0160567 801 0$aIT$bsalbc$gISBD 912 $a990002746140203316 951 $aXVII A.A. 3134$b7563 DLAS$cXVII A.A.$d565410 959 $aBK 969 $aCAS 996 $aQuesta storia$9999243 997 $aUNISA